| 000 | 00568nam a22002057a 4500 | ||
|---|---|---|---|
| 003 | OSt | ||
| 005 | 20140310181736.0 | ||
| 008 | 130320t xxu||||| |||| 00| 0 eng d | ||
| 020 | _a818610402x | ||
| 050 |
_aZ 675 _b.R745 1994 |
||
| 082 |
_aTR 025.5 _bR64 1994 |
||
| 245 |
_aRole of libraries in education _cedited by G. Devarajan and A. C. Rajan |
||
| 260 |
_aNew Delhi : _bBeacon Books, _cc1994. |
||
| 300 |
_a179 p. : _c22 cm. |
||
| 520 | _a1. Libraries (user's services). | ||
| 521 | _aFaculty | ||
| 541 | _j1 | ||
| 562 | _e1 | ||
| 942 |
_2lcc _cBK-TR _kTR |
||
| 999 |
_c2579 _d2579 |
||